| 000 | 00640nam a22002057a 4500 | ||
|---|---|---|---|
| 003 | 0 | ||
| 005 | 20251111150738.0 | ||
| 008 | 251111b xxu||||| |||| 00| 0 eng d | ||
| 020 | _a978-1-84983-033-1 | ||
| 050 |
_aPS 3556 _b.F59 2010 |
||
| 100 |
_aFlynn, Vince, _eauthor. |
||
| 245 |
_aPursuit of honour / _cVince Flynn. |
||
| 260 |
_aLondon : _bSimon & Schuster UK Ltd, _c2010. |
||
| 300 |
_a445 pages ; _c20 cm. |
||
| 650 | _aPolitical fiction. | ||
| 650 |
_aIntelligence officers _zUnited States _xFiction. |
||
| 650 |
_aTerrorism _xPrevention _vFiction. |
||
| 650 |
_aUnited States _xPolitics and government _vFiction. |
||
| 942 |
_2lcc _cBK |
||
| 999 |
_c368588 _d368588 |
||